[Event "Morbihan-ch 0506"]
[Site "Arradon"]
[Date "2006.03.26"]
[Round "7"]
[White "Peyre, Camille"]
[Black "Le Gal, Loic"]
[Result "0-1"]
[WhiteElo "1870"]
[BlackElo "1520"]
[PlyCount "64"]
[EventDate "2005.10.01"]
[EventType "swiss"]
[EventRounds "7"]
[EventCountry "FRA"]
[SourceTitle "EXT 2007"]
[Source "ChessBase"]
[SourceDate "2006.11.23"]
[SourceVersion "1"]
[SourceVersionDate "2006.11.23"]
[SourceQuality "1"]

1. d4 e5 2. dxe5 d6 3. Bf4 Nc6 4. e4 a6 5. Nc3 Be6 6. Nf3 h6 7. h3 g5 8. Bg3 g4 9. hxg4 Bxg4 10. exd6 cxd6 11. Be2 Qa5 12. Qd2 0-0-0 13. Nd5 Qc5 14. Bf4 Bxf3 15. Bxf3 Nd4 16. Bg4+ Kb8 17. c3 Ne6 18. Be3 Qc6 19. Bd4 Nxd4 20. cxd4 Ne7 21. Rc1 Qb5 22. Nxe7 Bxe7 23. Qc3 d5 24. e5 Bb4 25. Rh3 Bxc3+ 26. Rhxc3 Qxb2 27. R1c2 Qb4 28. Bh3 Qxd4 29. Rc7 Qxe5+ 30. Kd2 Qd4+ 31. Kc1 Rhe8 32. Rxf7 Re1# 0-1

[Event "Morbihan-ch 0506"]
[Site "Arradon"]
[Date "2006.03.18"]
[Round "6"]
[White "Le Gal, Loic"]
[Black "Boucaud, Anthony"]
[Result "1-0"]
[WhiteElo "1380"]
[BlackElo "1710"]
[PlyCount "89"]
[EventDate "2005.10.01"]
[EventType "swiss"]
[EventRounds "7"]
[EventCountry "FRA"]
[SourceTitle "EXT 2007"]
[Source "ChessBase"]
[SourceDate "2006.11.23"]
[SourceVersion "1"]
[SourceVersionDate "2006.11.23"]
[SourceQuality "1"]

1. c4 e6 2. g3 Nf6 3. e3 b6 4. Bg2 Nc6 5. Ne2 Bb7 6. a3 Na5 7. Bxb7 Nxb7 8. 0-0 Nc5 9. d4 Nce4 10. Nbc3 c5 11. Qc2 Nxc3 12. Nxc3 cxd4 13. exd4 d5 14. Bg5 Be7 15. Bxf6 Bxf6 16. cxd5 exd5 17. Rfe1+ Be7 18. Qa4+ Kf8 19. Re5 g6 20. Rae1 Bf6 21. Re8+ Qxe8 22. Rxe8+ Rxe8 23. Nxd5 Bg7 24. Qb4+ Kg8 25. Ne7+ Rxe7 26. Qxe7 Bxd4 27. Qd8+ Kg7 28. Qxd4+ Kg8 29. Qf6 h5 30. h4 Rh7 31. Kg2 Rg7 32. f4 Rh7 33. Kf3 Kf8 34. g4 hxg4+ 35. Kxg4 Rh5 36. Qd8+ Kg7 37. Qd4+ Kf8 38. b4 Ke7 39. a4 Kf8 40. Qd6+ Kg7 41. Qb8 a5 42. b5 Rc5 43. Qxb6 f5+ 44. Kg5 Rc3 45. Qf6+ 1-0

[Event "Morbihan-ch 0506"]
[Site "Arradon"]
[Date "2005.12.10"]
[Round "3"]
[White "Le Gal, Loic"]
[Black "Fermen, Guy"]
[Result "1-0"]
[WhiteElo "1380"]
[BlackElo "1499"]
[PlyCount "43"]
[EventDate "2005.10.01"]
[EventType "swiss"]
[EventRounds "7"]
[EventCountry "FRA"]
[SourceTitle "EXT 2007"]
[Source "ChessBase"]
[SourceDate "2006.11.23"]
[SourceVersion "1"]
[SourceVersionDate "2006.11.23"]
[SourceQuality "1"]

1. c4 Nf6 2. g3 e6 3. Bg2 d5 4. cxd5 Nxd5 5. Nf3 Nc6 6. 0-0 Be7 7. Nc3 Nf6 8. a3 0-0 9. b4 a6 10. Bb2 e5 11. Qc2 Be6 12. b5 axb5 13. Nxb5 Ra5 14. a4 e4 15. Ng5 Bf5 16. f3 Bb4 17. fxe4 Bxd2 18. Rxf5 Be3+ 19. Kh1 Ng4 20. Qc3 Nf2+ 21. Rxf2 Bxf2 22. Qxg7# 1-0

[Event "Morbihan-ch 0102"]
[Site "Morbihan"]
[Date "2002.01.26"]
[Round "4"]
[White "Cailloce, Philippe"]
[Black "Le Gal, Loic"]
[Result "1-0"]
[WhiteElo "1260"]
[BlackElo "1460"]
[PlyCount "61"]
[EventDate "2001.10.20"]
[EventType "swiss"]
[EventRounds "7"]
[EventCountry "FRA"]
[SourceTitle "EXT 2005"]
[Source "ChessBase"]
[SourceDate "2004.11.15"]
[SourceVersion "1"]
[SourceVersionDate "2004.11.15"]
[SourceQuality "1"]

1. d4 d5 2. Nc3 Bf5 3. Nf3 e6 4. Bf4 c5 5. Nb5 Qa5+ 6. Nc3 Nc6 7. e3 c4 8. Be2 b5 9. 0-0 f6 10. a4 b4 11. Nb5 e5 12. dxe5 a6 13. Qxd5 axb5 14. Qxc6+ Bd7 15. Qb7 Qa7 16. Qxa7 Rxa7 17. axb5 Rxa1 18. Rxa1 Bxb5 19. Ra5 Bc6 20. Bxc4 Bxf3 21. gxf3 g5 22. Bg3 Bg7 23. e6 Bf8 24. Ra6 Be7 25. Ra8+ Bd8 26. Bc7 Kf8 27. Rxd8+ Kg7 28. Bd6 f5 29. Be5+ Nf6 30. Bxf6+ Kxf6 31. Rxh8 1-0

[Event "Morbihan-ch 0102"]
[Site "Morbihan"]
[Date "2001.10.20"]
[Round "1"]
[White "Le Gal, Loic"]
[Black "Drean, Philippe"]
[Result "0-1"]
[WhiteElo "1470"]
[BlackElo "1680"]
[PlyCount "46"]
[EventDate "2001.10.20"]
[EventType "swiss"]
[EventRounds "7"]
[EventCountry "FRA"]
[SourceTitle "EXT 2005"]
[Source "ChessBase"]
[SourceDate "2004.11.15"]
[SourceVersion "1"]
[SourceVersionDate "2004.11.15"]
[SourceQuality "1"]

1. c4 Nf6 2. g3 Nc6 3. Bg2 g6 4. a3 Bg7 5. b4 a6 6. Bb2 d6 7. Nc3 0-0 8. Qa4 Bd7 9. b5 axb5 10. Qxb5 Nd4 11. Qxb7 Rb8 12. Qa7 Rxb2 13. Qxd4 c5 14. Qd3 Qa5 15. Nd1 Rb6 16. Qc3 Qa6 17. Qc1 Rfb8 18. e3 Ng4 19. Ra2 Ne5 20. Bf1 Rb1 21. Qc2 Ba4 22. Qe4 Bxd1 23. Ne2 Bc2+ 0-1

[Event "Bretagne op-B"]
[Site "Queven"]
[Date "1999.??.??"]
[Round "2"]
[White "Le Gal, Loic"]
[Black "Jambou, Gilbert"]
[Result "0-1"]
[WhiteElo "1440"]
[BlackElo "1630"]
[PlyCount "106"]
[EventDate "1999.06.??"]
[EventType "swiss"]
[EventRounds "7"]
[EventCountry "FRA"]
[SourceTitle "EXT 2001"]
[Source "ChessBase"]
[SourceDate "2000.11.22"]
[SourceVersion "1"]
[SourceVersionDate "2000.11.22"]
[SourceQuality "1"]

1. c4 c5 2. g3 g6 3. Nc3 Bg7 4. e3 e6 5. Nf3 d5 6. d4 cxd4 7. exd4 Ne7 8. b3 Nbc6 9. Bb2 dxc4 10. Bxc4 Nd5 11. 0-0 0-0 12. Re1 a6 13. Ne5 Nce7 14. Qd2 b5 15. Bd3 Bb7 16. Ne4 Nf6 17. Nxf6+ Bxf6 18. Be4 Bxe4 19. Rxe4 Nd5 20. h4 b4 21. g4 Bxe5 22. Rxe5 Qxh4 23. f3 Qg3+ 24. Qg2 Qxg2+ 25. Kxg2 Nf4+ 26. Kg3 Nd3 27. Re2 Nxb2 28. Rxb2 Rfc8 29. a3 bxa3 30. Rxa3 Rc6 31. b4 Rb8 32. Kf4 Rcb6 33. Ke5 Rb5+ 34. Kd6 R8b6+ 35. Ke7 Kg7 36. Rc3 Rxb4 37. Rxb4 Rxb4 38. Ra3 Rxd4 39. Rxa6 Rf4 40. Ra3 h5 41. gxh5 gxh5 42. Ra5 Kg6 43. Ra8 Kg7 44. Ra5 Rf5 45. Ra1 Rxf3 46. Rg1+ Kh7 47. Kf8 Kh6 48. Rg8 e5 49. Rg7 e4 50. Kg8 e3 51. Rh7+ Kg5 52. Rg7+ Kh4 53. Rg1 Rg3+ 0-1